LEADER 00995nam0-22002771i-450- 001 990006274270403321 005 20110330120513.0 035 $a000627427 035 $aFED01000627427 035 $a(Aleph)000627427FED01 035 $a000627427 100 $a20000112d1995----km-y0itay50------ba 101 0 $aita 102 $aIT 105 $ay-------001yy 200 1 $a<>ruolo del giudice internazionale nell'evoluzione del diritto internazionale e comunitario$eatti del Convegno di studi in memoria di Gaetano Morelli organizzato dall'Università di Reggio Calabria. Crotone 22-23 ottobre 1993$fa cura di Francesco Salerno 210 $aPadova$cCedam$d1995 215 $aXII, 290 p.$d24 cm 676 $a341.5 801 0$aIT$bUNINA$gRICA$2UNIMARC 901 $aBK 912 $a990006274270403321 952 $aCONGRESSI G 17$b30461*$fFGBC 959 $aFGBC 996 $aRuolo del giudice internazionale nell'evoluzione del diritto internazionale e comunitario$9626201 997 $aUNINA LEADER 01311nam a2200361 i 4500 001 991002741839707536 008 070801s2007 de a b 001 0 eng d 020 $a3540712267 024 3 $a9783540712268 035 $ab13573226-39ule_inst 040 $aDip.to Matematica$beng 082 0 $a515.723 084 $aAMS 15A29 084 $aAMS 35R30 084 $aAMS 45Q05 084 $aAMS 65J22 084 $aAMS 65N21 084 $aLC QA3.L38 100 1 $aSchuster, Thomas$0472507 245 14$aThe method of approximate inverse :$btheory and applications /$cThomas Schuster 260 $aBerlin :$bSpringer,$cc2007 300 $axiii, 198 p. :$bill. ;$c24 cm 440 0$aLecture notes in mathematics,$x0075-8434 ;$v1906 500 $aRevised habilitation - Universität des Saarlandes, Saarbrücken, 2004 504 $aIncludes bibliographical references (p. 189-195) and index 650 0$aInverse problems (Differential equations) 650 0$aTomography 907 $a.b13573226$b02-04-14$c01-08-07 912 $a991002741839707536 945 $aLE013 15-XX SCH31 (2007)$g1$i2013000206318$lle013$op$pE31.15$q-$rl$s- $t0$u0$v0$w0$x0$y.i14567428$z27-09-07 996 $aMethod of approximate inverse$91219349 997 $aUNISALENTO 998 $ale013$b01-08-07$cm$da $e-$feng$gde $h4$i0 LEADER 02345nam2 2200481 i 450 001 VAN0133366 005 20230619085531.609 017 70$2N$a9783642543135 100 $a20210412d2015 |0itac50 ba 101 $aeng 102 $aDE 105 $a|||| ||||| 200 1 $aˆ2: ‰Molecules and Photons - Spectroscopy and Collisions$fIngolf V. Hertel, Claus-Peter Schulz 210 $aBerlin$aHeidelberg$cSpringer$d2015 215 $axxxv, 728 p.$cill.$d24 cm 410 1$1001VAN0132770$12001 $aGraduate Texts in Physics$1210 $aBerlin [etc.]$cSpringer 461 1$1001VAN0133364$12001 $aAtoms, Molecules and Optical Physics$fIngolf V. Hertel, Claus-Peter Schulz$1210 $aBerlin$aHeidelberg$cSpringer$d2015$1215 $avolumi$cill.$d24 cm$v2 500 1$3VAN0237610$aAtoms, Molecules and Optical Physics. 2, Molecules and Photons - Spectroscopy and Collisions$92983306 606 $a81-XX$xQuantum theory [MSC 2020]$3VANC019967$2MF 606 $a81V45$xAtomic physics [MSC 2020]$3VANC023266$2MF 606 $a81V55$xMolecular physics [MSC 2020]$3VANC023279$2MF 606 $a81V80$xQuantum optics [MSC 2020]$3VANC023592$2MF 610 $aBasics Quantum Optics$9KW:K 610 $aHyperfine Structure$9KW:K 610 $aMulti Electron Atoms$9KW:K 610 $aTextbook Atomic Physics$9KW:K 610 $aTextbook Modern Optics$9KW:K 610 $aTextbook Molecular Physics$9KW:K 610 $aTextbook Optical Physics$9KW:K 610 $aTextbook Spectroscopy$9KW:K 620 $dBerlin$3VANL000066 620 $aDE$dHeidelberg$3VANL000282 700 1$aHertel$bIngolf V.$3VANV107104$044825 701 1$aSchulz$bClaus-Peter$3VANV107105$0792179 712 $aSpringer $3VANV108073$4650 801 $aIT$bSOL$c20240614$gRICA 856 4 $uhttp://doi.org/10.1007/978-3-642-54313-5$zE-book ? Accesso al full-text attraverso riconoscimento IP di Ateneo, proxy e/o Shibboleth 899 $aBIBLIOTECA DEL DIPARTIMENTO DI MATEMATICA E FISICA$1IT-CE0120$2VAN08 912 $fN 912 $aVAN0133366 950 $aBIBLIOTECA DEL DIPARTIMENTO DI MATEMATICA E FISICA$d08CONS e-book 2228 $e08eMF2228 20210412 996 $aAtoms, Molecules and Optical Physics. 2, Molecules and Photons - Spectroscopy and Collisions$92983306 997 $aUNICAMPANIA